000 00585cam a22002053a 4500
001 33594
003 PGUSA
005 20140828083727.0
008 100831s2010||||xxu|||||s|||||000 | eng d
040 _aPGUSA
_beng
042 _adc
100 1 _aEdwards, Harry Stillwell,
_d1855-1938
245 1 0 _aEneas Africanus
_h[electronic resource] /
_cHarry Stillwell Edwards
260 _bProject Gutenberg,
_c2010
506 _aPublic domain in the USA.
516 _aElectronic text
830 0 _aProject Gutenberg
_v33594
856 4 0 _uhttp://www.gutenberg.org/ebooks/33594
942 _cEB
999 _c262849
_d262849